Historia de historias (Registro nro. 6801)

Detalles MARC
000 -CABECERA
Campo de control 00471nam a2200169 a 4500
005 - FECHA Y HORA DE LA ULTIMA TRANSACCION
Campo de control 20150107154107.0
008 - ELEMENTOS DE LONGITUD FIJA—INFORMACION GENERAL
Campo de control 150107b xxu||||| |||| 00| 0 spa d
040 ## - FUENTE DE CATALOGACIÓN
Agencia catalogadora original CO-BoIAVH
Agencia transcriptora CO-BoIAVH
041 ## - IDIOMA
Código de idioma para texto/pista de sonido o título separado Español
090 ## - CLASIFICACIÓN LOCAL
Colección IAVH
Consecutivo 01308
100 ## - ASIENTO PRINCIPAL--NOMBRE PERSONAL
Nombre personal Espitia, María Antonia
245 ## - MENCION DE TITULO
Título Historia de historias
Parte restante del título Recopilación de memorias que hacen historias
260 ## - PUBLICACION, DISTRIBUCION, ETC. (PIE DE IMPRENTA)
Lugar de publicación, distribución, etc. Bogotá
Nombre del editor, distribuidor, etc. IAVH
Fecha de publicación, distribución, etc. 2009
300 ## - DESCRIPCION FISICA
Extensión 13 p.
662 ## - ASIENTO SECUNDARIO DE MATERIA - JERARQUIA DEL NOMBRE DE LUGAR(
Jurisdicción política intermedia Páramo de Rabanal
942 ## - ELEMENTOS ADICIONALES (KOHA)
Tipo de ítem Informe Técnico
Sistema de clasificación Local
Existencias
Withdrawn status Lost status Sistema de Clasificación Damaged status No para préstamo Colección Inventariado Ubicación Permanente Ubicación actual Fecha de adquisición Total Checkouts Número topográfico Inventario / Código de Barras Date last seen Ejemplar Price effective from Forma de adquisición Tipo de material
    Local     Humboldt Inventariado 2017 Bogotá Bogotá     IAVH-01308 026893 09/08/2024 Ej. 1 04/12/2012   Informe Técnico